| 000 | 01166cam a22002774a 4500 | ||
|---|---|---|---|
| 005 | 20071114120703.0 | ||
| 008 | 070217s2007 ii | b 00| 0 eng | ||
| 010 | _aENG-93370 | ||
| 020 |
_a8189886053 _c450.00 |
||
| 020 |
_a9788189886059 _c450.00 |
||
| 035 | _aEN-76903 | ||
| 037 | _bDBAD / PUB | ||
| 040 |
_adpl _bEnglish |
||
| 082 | _a631.3 | ||
| 100 | _aAftab Uddin Ahmed | ||
| 245 |
_aAdoption of new technology in agriculture by tribal and non-tribal farmers : _ba case study of Barpeta district in Assam / _cby Aftab Uddin Ahmed [and] Kanak Kanti Bagchi |
||
| 260 |
_aDelhi _bAbhijeet Publications _c2007 |
||
| 270 |
_a2/46 Tukhmeerpur Extension _bDelhi _e110094 |
||
| 300 |
_a173 p. _c22cm (Hb) |
||
| 500 | _aIncludes bibliographical references | ||
| 650 |
_aAgricultural innovations _zIndia _zBarpeta Region. |
||
| 650 |
_aAgriculture _xTechnology transfer _zIndia _zBarpeta Region. |
||
| 700 | _aBagchi, Kanak Kanti | ||
| 942 |
_2ddc _cEN _mAFT _h631.1 |
||
| 999 |
_c25988 _d25988 |
||